000
00199 a2200097 4500
001
30723
100
_a
Harwoood, D
245
_a
Scouts
260
_a
England
_b
Ladybird Bks
_c
090
_c
20655
_d
20655
942
_a
NUST-CAE
_c
M
_c
11842
999
_c
265796
_d
265796